Una red segura : apego, trauma y no monogamia consensuada /

Guardat en:
Dades bibliogràfiques
Autor principal: Fern, Jessica (autor)
Format: Llibre
Idioma:espanyol
Publicat: Madrid, España : Continta Me Tienes, 2022, c2022
Matèries:
Accés en línia:Ver documento en línea
Etiquetes: Afegir etiqueta
Sense etiquetes, Sigues el primer a etiquetar aquest registre!

MARC

LEADER 00000nam^a2200000^a^4500
001 000590391
005 20251023000000.0
009 20260310132907.624
020 |a 9788419323026 
037 |a Acervo ITESO - Biblioteca 
041 |a ESP 
082 |a 305. 31  |b FER 
100 |a Fern, Jessica  |e (autor) 
245 1 4 |a Una red segura :  |b apego, trauma y no monogamia consensuada /  |c J. Fern ; pról. de Sandra Bravo ; tr. por Miguel Vagalume. 
264 4 |a Madrid, España :  |b Continta Me Tienes,  |c 2022, c2022 
264 2 |a Birmingham, EUA :  |b EBSCOhost [distribución],  |c 2024 
300 |a 1 libro electrónico en línea (1 v. sin paginación) 
300 |a 1 recurso en línea 
336 |a datos para computadora  |b cod  |2 rdacontenido 
337 |a computadora  |b c  |2 rdamedio 
338 |a recurso en línea  |b cr  |2 rdasoporte 
500 |a Traducción de: Polisecure. Attachment, Trauma and Consensual Nonmonogamy 
506 0 |a Licencias ilimitadas 
521 |a Peticiones 2024 
649 |a XX 
650 |a Instinto Sexual 
650 |a Prácticas Sexuales 
650 |a Respuesta Sexual Humana 
650 |a Apego -  |x Tema Principal 
650 |a Trauma -  |x Tema Principal 
650 |a Sexualidad -  |x Aspectos Psicológicos -  |x Tema Principal 
650 |a Sexualidad -  |x Aspectos Sociales y Culturales 
650 |a Elección de Pareja 
650 |a Relaciones de Pareja 
650 |a Interacción Social 
650 |a Psicología 
650 |a Sociología 
856 4 0 |u https://ezproxy.iteso.mx/login?url=https://search.ebscohost.com/login.aspx?direct=true&scope=site&db=nlebk&db=nlabk&AN=3831686  |y Ver documento en línea 
910 |a Fondo General 
920 |a Electrónicos - Libros en Línea 
930 |a Plataforma Digital 
905 |a 205 
901 |a 590391-1  |b IT2  |c EBO  |i C  |u 20250521 
902 |a https://opac.biblio.iteso.mx/vufind/Record/000590391